000 00564cam a22002053a 4500
001 42740
003 PGUSA
005 20140828083952.0
008 130519s2013||||xxu|||||s|||||000 | eng d
040 _aPGUSA
_beng
042 _adc
100 1 _aRoche, Arthur Somers
245 1 0 _aFind the Woman
_h[electronic resource] /
_cArthur Somers Roche
260 _bProject Gutenberg,
_c2013
506 _aPublic domain in the USA.
516 _aElectronic text
830 0 _aProject Gutenberg
_v42740
856 4 0 _uhttp://www.gutenberg.org/ebooks/42740
942 _cEB
999 _c271992
_d271992